Collective Bargaining and Social Dialogue as Tools for Communication Between Participants

Gespeichert in:
Bibliographische Detailangaben
1. Verfasser: Dubovská, Miriama, 1990-
Format: Buchkapitel
Sprache:Englisch
Schlagworte:
Tags: Tag hinzufügen
Keine Tags, Fügen Sie das erste Tag hinzu!

MARC

LEADER 00000naa$a2200000$$$4500
001 0292162
005 20240507081606.8
041 0 |a eng 
044 |a HR 
245 1 0 |a Collective Bargaining and Social Dialogue as Tools for Communication Between Participants  |c Miriama Dubovská 
500 |a Abstrakt 
610 2 0 |a vyjednávanie kolektívne 
610 2 0 |a dialóg sociálny 
610 2 0 |a partnerstvo sociálne 
610 2 0 |a Európska únia 
610 2 0 |a Slovensko 
100 1 |a Dubovská, Miriama, 1990-